| Tag |
First Indicator |
Second Indicator |
Subfields |
| LEADER |
00000cam a2200000Ii 4500 |
| 001 |
in00003536613 |
| 006 |
m o d |
| 007 |
cr unu|||||||| |
| 008 |
150128s2015 nyua ob 001 0 eng d |
| 005 |
20250816210430.7 |
| 020 |
|
|
|a 9781606505137
|
| 020 |
|
|
|a 1606505130
|q electronic book
|
| 020 |
|
|
|z 9781606505120
|q electronic book
|
| 035 |
|
|
|a (NhCcYBP)ebl1911666
|
| 037 |
|
|
|a CL0500000541
|b Safari Books Online
|
| 040 |
|
|
|a NhCcYBP
|c NhCcYBP
|d UtOrBLW
|
| 050 |
|
4 |
|a TK7874.75
|b .G646 2015
|
| 082 |
0 |
4 |
|a 621.395
|2 23
|
| 100 |
1 |
|
|a Goel, Ashok K.,
|d 1953-
|e author.
|
| 245 |
1 |
2 |
|a A one-semester course in modeling of VLSI interconnections /
|c Ashok K. Goel.
|
| 246 |
3 |
|
|a A one-semester course in modeling of very large-scale integration interconnections
|
| 246 |
3 |
|
|a Modeling of VLSI interconnections
|
| 246 |
3 |
|
|a Modeling of very large-scale integration interconnections
|
| 264 |
|
1 |
|a New York, NY :
|b Momentum Press,
|c [2015]
|
| 300 |
|
|
|a 1 online resource.
|
| 336 |
|
|
|a text
|b txt
|2 rdacontent
|
| 337 |
|
|
|a computer
|b c
|2 rdamedia
|
| 338 |
|
|
|a online resource
|b cr
|2 rdacarrier
|
| 490 |
0 |
|
|a Momentum Press electronic circuits and semiconductor devices collection
|
| 504 |
|
|
|a Includes bibliographical references and index.
|
| 588 |
|
|
|a Description based on online resource; title from digital title page (viewed on May 26, 2015).
|
| 500 |
|
|
|a Electronic resource.
|
| 650 |
|
0 |
|a Integrated circuits
|x Very large scale integration
|x Mathematical models.
|
| 650 |
|
0 |
|a Microelectronics
|x Mathematical models.
|
| 655 |
|
7 |
|a Electronic books.
|2 local
|
| 710 |
2 |
|
|a Ebook Library.
|
| 856 |
4 |
0 |
|u https://ebookcentral.proquest.com/lib/tamucs/detail.action?docID=1911666
|y Connect to the full text of this electronic book
|t 0
|
| 945 |
|
|
|a machinegen
|
| 955 |
|
|
|a YBP purchased approval e-records
|
| 980 |
|
|
|b 100.00
|g 1
|
| 987 |
|
|
|a ybp12228094
|
| 999 |
f |
f |
|s 5d814479-1177-3c97-95b9-36f728d19fd8
|i 625f4305-c4c9-3f85-b328-cc7aa016c569
|t 0
|
| 999 |
|
|
|a MARS
|
| 952 |
f |
f |
|a Texas A&M University
|b College Station
|c Electronic Resources
|d Available Online
|t 0
|e TK7874.75 .G646 2015
|h Library of Congress classification
|
| 998 |
f |
f |
|a TK7874.75 .G646 2015
|t 0
|l Available Online
|